| 000 | 00465cam a2200205 4500 | ||
|---|---|---|---|
| 001 | D7051 | ||
| 008 | 090401t1975 xxu||||| |||| 00| 0 eng d | ||
| 035 | _a(Sirsi) u4936 | ||
| 041 | _aeng | ||
| 050 | _a346.41043 | ||
| 100 |
_aMegarry, Robert _cSir |
||
| 245 | 4 | _aThe law of real property | |
| 250 | _a4th | ||
| 260 |
_aLondon _bStevens _c1975 |
||
| 300 | _acxvi. 1206p. 25cm | ||
| 350 | _a11 | ||
| 700 | _aWade, H.W.R. | ||
| 942 | _n0 | ||
| 948 | _c04/03/1997 | ||
| 999 |
_c86090 _d86090 |
||